ORIENTACION NORMALISTA : (Record no. 60836)

MARC details
000 -CABECERA
campo de control de longitud fija 00434nam a2200145 a 4500
005 - FECHA Y HORA DE LA ÚLTIMA TRANSACCIÓN
campo de control 20210219152804.0
008 - ELEMENTOS DE LONGITUD FIJA--INFORMACIÓN GENERAL
campo de control de longitud fija 991125n dis 000 0 spa u
035 ## - NÚMERO DE CONTROL DEL SISTEMA
Número de control de sistema UPN01000061220
049 ## - COLECCIÓN
Colección Acervo histórico
245 00 - MENCIÓN DE TÍTULO
Título ORIENTACION NORMALISTA :
Resto del título TRIBUNA DEL PENSAMIENTO PEDAGOGICO LIBRE
260 ## - PUBLICACIÓN, DISTRIBUCIÓN, ETC.
Lugar de publicación, distribución, etc. Distrito Federal, México
Nombre del editor, distribuidor, etc. Pensamiento Pedagógico Libre
362 0# - FECHAS DE PUBLICACIÓN Y/O DESIGNACIÓN SECUENCIAL
Fecha de publicación y/o designación secuencial 1954 (3)
362 0# - FECHAS DE PUBLICACIÓN Y/O DESIGNACIÓN SECUENCIAL
Fecha de publicación y/o designación secuencial 1955 2 (4)
905 ## - TIPO DE MATERIAL
Tipo de material Revista

No items available.